000 00506nam a2200205Ia 4500
008 230125s9999 xx 000 0 und d
020 _a81-7224-212-3
041 _aeng
082 _a823
_bSEN
100 _aSen G
_9117981
245 _aThe Mind Of Swami Vivekananda
250 _a32nd Ed.
260 _c2018
_bJaico Publishing House
_aMumbai
300 _a199p
_cPaper Back
440 _v1
650 _aEnglish Literature
700 _aSen G
_9117981
906 _b27
999 _c95893
_d95893